1169 1432 1303 1051 1579 1171 1544 1165 1659 1804 1571 1137 1609 1768 1087 1493 1123 1453 1073 1101 1172 1851 1976 1781 1403 1508 1804 1417 1114 1513 1055 1458 1930 1606 1415 1655 1981 1304 1521 1590 1670 1900 1744 1887 1501 1059 1405 1736 1429 1338 1049 1432 1499 1986 1821 1945 1674 1965 1160 1276 1250 1218 1854 1990 1295 1127 1320 1374 1294 1839 1935 1606 1628 1026 1421 1450 1639 1326 1622 1776 1643 1261 1462 1783 1995 1872 1405 1539 1048 1821 1869 1140 1939 1000 1783 1477 1680 1389 1373 BCNSPRNW ULIB Ver.6.0+V

เปลี่ยนเป็นภาษาไทย

Change to English
 แสดงรายละเอียดบรรณานุกรม
  กลับหน้าหลัก

Brief Record : Get Marc (ISO 2709) : E-mail record : QR code < ปิดหน้าต่าง
LEADER : 00000nam 2200000uu 4500
001    13399112203
003     ULIB
008    110801s2554||||th 000 0 tha d
020    9786167138183
090    นว.^bอ657 2554
100 0  อาริตา
245 00 ลิขิตไฟในผืนทราย./^cอาริตา
260    กรุงเทพฯ:^bลีลา,^c2554.
300    352 หน้า
945    ^p280^l0^i18459
995    เกษร
999 ^a ใช้งานได้ทุกระบบ
รายการนี้ยังไม่มีแท็ก
คุณยังไม่ได้ล็อกอิน คุณสามารถมีกิจกรรมร่วมกับเว็บไซต์ได้ แต่ต้องล็อกอินก่อน ::
  ล็อกอิน

รายการสื่อสารสนเทศ

ลำดับที่ ประเภท เลขเรียก/บาร์โค้ด สถานที่ สถานะ
1. วิทยาศาสตร์การแพทย์ และสุขภาพ
วิทยาศาสตร์การแพทย์ และสุขภาพ
นว. อ657 2554  
  Barcode: 18459
ห้องสมุดวิทยาเขตสวรรค์ประชารักษ์
►นวนิยาย
บนชั้น
  ขอยืม

รายการใกล้เคียง
    ผู้แต่ง [อาริตา]

BibComment


ยังไม่เคยถูกคอมเมนท์

คอมเมนท์ทรัพยากรรายการนี้
  คอมเมนท์: ลิขิตไฟในผืนทราย ..


 Copyright 2026. Bcnsprnw @Library